[Event "US-op"]
[Site "Concord"]
[Date "1995.??.??"]
[Round "8"]
[White "Yermolinsky, Alex"]
[Black "Gliksman, David N"]
[Result "1-0"]
[WhiteElo "2560"]
[BlackElo "2265"]

1.Nf3 Nf6 2.c4 e6 3.Nc3 b6 4.g3 Bb7 5.Bg2 Be7 6.d4 Ne4 7.Bd2 Bf6 8.O-O O-O
9.Rc1 d5 10.cxd5 exd5 11.Be3 Nxc3 12.bxc3 Nd7 13.Nd2 c5 14.dxc5 Nxc5 15.Bxc5 bxc5
16.c4 Rb8 17.Rb1 Be5 18.Qc2 Qd7 19.Nb3 Rfc8 20.Na5 Ba8 21.cxd5 Rxb1 22.Rxb1 Bxd5
23.Rd1 Bd4 24.Bxd5 Qxd5 25.e3 c4 26.Nb3  1-0

[Event "US-op"]
[Site "Concord"]
[Date "1995.??.??"]
[Round "10"]
[White "Yermolinsky, Alex"]
[Black "Cartagena, Omar"]
[Result "1-0"]
[WhiteElo "2560"]
[BlackElo "2355"]

1.Nf3 d5 2.d4 Nf6 3.c4 g6 4.cxd5 Nxd5 5.e4 Nb6 6.h3 Bg7 7.Nc3 O-O 8.Be2 c5
9.d5 e6 10.Bg5 Bf6 11.Bxf6 Qxf6 12.O-O exd5 13.exd5 Rd8 14.Qd2 Be6 15.Ne4 Qf5
16.Qh6 Bxd5 17.Nfg5 Bxe4 18.Bg4 Qf6 19.Qxh7+ Kf8 20.Nxe4 Qxb2 21.Nxc5 Qg7
22.Qxg7+ Kxg7 23.Bf3 N8d7 24.Nxb7 Rh8 25.Rfe1 Rae8 26.Nd6 Re5 27.Rad1 Rh4
28.Bg4 Rh8 29.f4 Rxe1+ 30.Rxe1 f5 31.Bd1 Nc5 32.Bf3 Kf6 33.Nb5 Rh7 34.Rc1 Ne6
35.Rc6 Rd7 36.Nxa7 Rxa7 37.Rxb6 Ke7 38.Rb7+ Rxb7 39.Bxb7 Nxf4 40.Kf2 Kd6
41.Ke3 Ne6 42.Ba6 Ke5 43.a4 g5 44.Bd3 Nf4 45.Bf1 Nd5+ 46.Kf2 Kd4 47.a5 Kc5
48.Bd3 f4 49.Kf3 Nf6 50.Be2 Kc6 51.a6 Kb6 52.Bc4 Ka7 53.h4 gxh4 54.Kxf4 Ne8
55.Kg4 Ng7 56.Kxh4 Nf5+ 57.Kh3  1-0

[Event "US-op"]
[Site "Concord"]
[Date "1995.??.??"]
[Round "12"]
[White "Yermolinsky, Alex"]
[Black "Kaufman, Larry C"]
[Result "1-0"]
[WhiteElo "2560"]
[BlackElo "2430"]

1.Nf3 d6 2.d4 Bg4 3.e4 Nf6 4.Nc3 e6 5.h3 Bh5 6.Qe2 c6 7.g4 Bg6 8.h4 h5 9.g5 Nfd7
10.Bh3 Be7 11.Be3 O-O 12.Nd2 e5 13.dxe5 dxe5 14.Nf1 b5 15.Ng3 b4 16.Nb1 c5
17.Nd2 Nc6 18.Nxh5 Nd4 19.Bxd4 cxd4 20.Nb3 a5 21.Ng3 a4 22.Nc1 Bh7 23.Nd3 a3
24.b3 Qc7 25.Rd1 Rfd8 26.Bf5 Nf8 27.Bxh7+ Nxh7 28.Nf5 Bf8 29.Rg1 Rac8 30.g6 fxg6
31.Rxg6 Nf6 32.Rd2 Re8 33.f3 Re6 34.Qg2 Rb8 35.h5 Kh7 36.Qg5 Qf7 37.Rg2 Ne8
38.Rxe6 Qxe6 39.Qg6+ Qxg6 40.hxg6+ Kg8 41.Nxe5 Nd6 42.Nxd6 Bxd6 43.Nf7 Bc7
44.e5 Kf8 45.f4 Ke7 46.f5 Rb5 47.f6+ gxf6 48.g7 Rb8 49.Nh6  1-0

[Event "National op"]
[Site "Las Vegas"]
[Date "1995.??.??"]
[Round "1"]
[White "Yermolinsky, Alex"]
[Black "Morris, Matthew"]
[Result "1/2-1/2"]
[WhiteElo "2580"]
[BlackElo "2295"]

1.e4 c5 2.Nf3 d6 3.d4 cxd4 4.Nxd4 Nf6 5.Nc3 g6 6.Be2 Bg7 7.O-O O-O 8.Bg5 Nc6
9.Nb3 Be6 10.f4 Rc8 11.Kh1 Na5 12.f5 Bc4 13.Bd3 b5 14.a3 a6 15.Nxa5 Qxa5
16.Qe1 Rfe8 17.Bd2 Qc7 18.Rc1 d5 19.Bxc4 Qxc4 20.e5 d4 21.exf6 dxc3 22.Bxc3 Bxf6
23.Bxf6 exf6 24.Qg3 g5 25.Qd6  1/2-1/2

[Event "USA-ch"]
[Site "Modesto"]
[Date "1995.??.??"]
[Round "3"]
[White "Yermolinsky, Alex"]
[Black "Khmelnitsky, Igor N"]
[Result "1-0"]
[WhiteElo "2560"]
[BlackElo "2490"]

1.d4 Nf6 2.Nf3 c5 3.d5 g6 4.Nc3 Bg7 5.e4 O-O 6.e5 Ne8 7.h4 d6 8.e6 fxe6 9.h5 exd5
10.hxg6 hxg6 11.Qxd5+ e6 12.Qd3 Rf5 13.Nh4 Nc6 14.Nxf5 gxf5 15.Bh6 Ne5 16.Qd2 Qf6
17.Bb5 Bd7 18.Bxd7 Nxd7 19.Bxg7 Kxg7 20.O-O-O Ne5 21.Rh3 Nf7 22.Ne2 Kf8 23.Nf4 Rd8
24.Re1 Ng7 25.Rh7 Ng5 26.Rxg7 Qxg7 27.Rxe6 Nf7 28.Ng6+ Kg8 29.Ne7+ Kf8 30.Ng6+ Kg8
31.f4 Qh7 32.b3 d5 33.Qc3 d4 34.Qxc5 Qh1+ 35.Kb2 d3 36.Ne7+ Kg7 37.Nxf5+ Kh7
38.Qe7 Qh5 39.Rh6+ Qxh6 40.Qxf7+  1-0

[Event "USA-ch"]
[Site "Modesto"]
[Date "1995.??.??"]
[Round "7"]
[White "Wolff, Patrick G"]
[Black "Yermolinsky, Alex"]
[Result "0-1"]
[WhiteElo "2565"]
[BlackElo "2560"]

1.e4 c6 2.d4 d5 3.e5 Bf5 4.h4 Qb6 5.c3 e6 6.Nd2 h5 7.Nb3 Nd7 8.Be2 g6 9.Nf3 Bg4
10.Bf4 Bh6 11.Ng5 Bxe2 12.Qxe2 Ne7 13.O-O Nf5 14.g3 c5 15.dxc5 Nxc5 16.Nd4 Bxg5
17.Bxg5 Ne4 18.Nxf5 gxf5 19.Bf4 O-O-O 20.Kh2 Kb8 21.f3 Nc5 22.Rfd1 Na4 23.Rd2 Rc8
24.Be3 Qa6 25.Qf2 b6 26.Rad1 Rhg8 27.Rd4 Nc5 28.b3 Nb7 29.Qd2 Na5 30.Bf4 Rc7
31.Rd3 Rgc8 32.Rc1 Nc6 33.Kh3 Ne7 34.Bg5 Nc6 35.Re1 Qa5 36.Bf6 d4 37.c4 Qa3
38.Re2 Rd7 39.Qf4 Qc5 40.g4 Nb4 41.Rdd2 d3 42.Rg2 Rd4 43.Qe3 Rg8 44.Be7 hxg4+
45.fxg4 fxg4+ 46.Kg3 Qxe7 47.Qxd4 Rd8 48.Qxg4 Nc6 49.Qg5 Qc7 50.Kh3 Nxe5
51.Rg3 Ng6 52.Rf2 d2 53.Rxd2 Nf4+ 54.Qxf4 Qxf4 55.Rxd8+ Kc7 56.Rdg8 Qf1+
57.Kh2 f5 58.Rh3 f4 59.h5 f3 60.Rg1 Qe2+  0-1

[Event "USA-ch"]
[Site "Modesto"]
[Date "1995.??.??"]
[Round "8"]
[White "Yermolinsky, Alex"]
[Black "Gurevich, Dmitry"]
[Result "1/2-1/2"]
[WhiteElo "2560"]
[BlackElo "2525"]

1.Nf3 f5 2.g3 Nf6 3.Bg2 g6 4.O-O Bg7 5.d4 O-O 6.c3 e6 7.Nbd2 Nc6 8.Qc2 d5
9.b3 Ne4 10.Ba3 Rf7 11.Rad1 a5 12.Bc1 Qe7 13.a4 Bd7 14.Bb2 Raf8 15.Qc1 Re8
16.c4 Bh6 17.e3 Bg7 18.Ne1 Bc8 19.Nd3 Nb4 20.Nxb4 axb4 21.f3 Nxd2 22.Rxd2 e5
23.cxd5 exd4 24.Bxd4 Bxd4 25.Rxd4 Qxe3+ 26.Qxe3 Rxe3 27.Rxb4 f4 28.Rxf4 Rxf4
29.gxf4 Bd7 30.Rc1 c6 31.dxc6 Bxc6 32.Bf1 Rxf3 33.Rc4 Kf8 34.Rb4 Rc3 35.a5 Rc5
36.a6 bxa6 37.Bxa6 Rc2 38.Rc4 Rg2+ 39.Kf1 Bf3 40.Rc3 Ra2 41.Rxf3 Rxa6 42.Kg2 Rb6
43.Kf2 Ke7 44.Ke2 Kd6 45.Kd2 Kc5 46.Kc3 Rf6  1/2-1/2

[Event "USA-ch"]
[Site "Modesto"]
[Date "1995.??.??"]
[Round "11"]
[White "Browne, Walter S"]
[Black "Yermolinsky, Alex"]
[Result "1/2-1/2"]
[WhiteElo "2560"]
[BlackElo "2560"]

1.d4 Nf6 2.c4 e6 3.Nf3 Bb4+ 4.Nbd2 b6 5.e3 O-O 6.a3 Be7 7.Bd3 d5 8.O-O Nbd7
9.b3 Bb7 10.Bb2 Ne4 11.Rc1 c5 12.cxd5 exd5 13.Rc2 Rc8 14.Qa1 Nxd2 15.Nxd2 Bf6
16.Rfc1 Qe7 17.Bf5 cxd4 18.Rxc8 Rxc8 19.Rxc8+ Bxc8 20.Bxd4 Bxd4 21.exd4 Ba6
22.Qc1  1/2-1/2

[Event "New York Syracuse"]
[Site "New York"]
[Date "1995.??.??"]
[Round "4"]
[White "Ivanov, Alexander"]
[Black "Yermolinsky, Alex"]
[Result "1/2-1/2"]
[WhiteElo "2530"]
[BlackElo "2560"]

1.e4 c6 2.d4 d5 3.Nd2 dxe4 4.Nxe4 Nd7 5.Bc4 Ngf6 6.Ng5 e6 7.Qe2 Nb6 8.Bb3 h6
9.N5f3 c5 10.Bf4 Nbd5 11.Be5 Qa5+ 12.Nd2 b5 13.dxc5 Bxc5 14.c3 Qb6 15.a4 bxa4
16.Bxa4+ Bd7 17.Nc4 Qd8 18.Nf3 O-O 19.O-O Qc8 20.Nd6 Bxd6 21.Bxd6 Rd8 22.Bg3 a5
23.Bc2 Qc5 24.Ne5 Bb5 25.c4 Ba6 26.Rfd1 Nb4 27.Ba4 Bb7 28.Rxd8+ Rxd8 29.Rd1 Rd4
30.Rxd4 Qxd4 31.Qd1 Qxd1+ 32.Bxd1 Ne4 33.Be2 Nxg3 34.hxg3 Kf8 35.f3 Ke7 36.c5 f6
37.Nc4 Ba6 38.Kf2 Bxc4 39.Bxc4 Kd7 40.Bb5+ Kc7 41.Ke3 g5 42.Be8 Kd8 43.Bf7 Kd7
44.Kd4 Nc6+ 45.Kc3 Ne5 46.Bh5 f5 47.Kd4 Nc6+ 48.Kc4 Ne5+ 49.Kc3 Kc7 50.Be8 Kd8
51.Bh5 Kc7 52.f4 Nc6 53.Be8 e5 54.g4 gxf4 55.gxf5 Ne7 56.Kc4 Nxf5 57.Kd5 Ne3+
58.Kxe5 Nxg2 59.Ke4 Ne1 60.Kxf4  1/2-1/2

[Event "New York Syracuse"]
[Site "New York"]
[Date "1995.??.??"]
[Round "5"]
[White "Yermolinsky, Alex"]
[Black "Burnett, Ronald"]
[Result "1-0"]
[WhiteElo "2560"]
[BlackElo "2370"]

1.Nf3 c5 2.c4 g6 3.d4 cxd4 4.Nxd4 Bg7 5.e4 Nc6 6.Be3 Nf6 7.Nc3 d6 8.Be2 O-O
9.O-O Bd7 10.Qd2 Nxd4 11.Bxd4 Bc6 12.f3 a5 13.Rab1 a4 14.b4 axb3 15.axb3 Nd7
16.Bf2 Ra3 17.Rfc1 Nc5 18.Bd1 Bd7 19.b4 Ne6 20.Nd5 Bc6 21.Rb3 Rxb3 22.Bxb3 Kh8
23.Re1 g5 24.h4 h6 25.Bb6 Qd7 26.Ne3 Ba4 27.Ba2 Qc6 28.Nd5 Qe8 29.hxg5 hxg5
30.Be3 Bc6 31.Bxg5  1-0

[Event "New York op"]
[Site "New York"]
[Date "1995.??.??"]
[Round "7"]
[White "Brooks, Michael A"]
[Black "Yermolinsky, Alex"]
[Result "1/2-1/2"]
[WhiteElo "2445"]
[BlackElo "2580"]

1.e4 c5 2.Nf3 d6 3.d4 cxd4 4.Nxd4 Nf6 5.Nc3 Nc6 6.Bc4 Qb6 7.Nb3 e6 8.O-O Be7
9.Be2 O-O 10.Be3 Qc7 11.f4 a6 12.a4 b6 13.Qe1 Bb7 14.Qf2 Nd7 15.Rad1 Nc5
16.Bf3 Rfd8 17.Kh1 Rab8 18.Nd4 Bf8 19.Qg3 Re8 20.Bg1 Nxd4 21.Bxd4 e5 22.Bxc5 dxc5
23.f5 Rbd8 24.Be2 c4 25.b3 cxb3 26.cxb3 Rxd1 27.Rxd1 Rd8 28.Rf1 Rd4 29.Bc4 Bxe4
30.Nxe4 Rxe4 31.Bxa6  1/2-1/2

[Event "World op"]
[Site "Philadelphia"]
[Date "1995.??.??"]
[Round "1"]
[White "Pozarek, Steven J"]
[Black "Yermolinsky, Alex"]
[Result "0-1"]
[WhiteElo "2165"]
[BlackElo "2560"]

1.c4 e5 2.Nc3 d6 3.g3 f5 4.Bg2 Nf6 5.d3 Be7 6.Nf3 O-O 7.O-O Kh8 8.b3 Qe8
9.Bb2 Qh5 10.Qd2 h6 11.c5 f4 12.cxd6 cxd6 13.Ba3 Nc6 14.Ne4 Bh3 15.Nxf6 Rxf6
16.Rac1 Raf8 17.Rxc6 bxc6 18.Qa5 Bxg2 19.Kxg2 fxg3 20.hxg3 Rxf3 21.exf3 Qxf3+
22.Kg1 Rf5  0-1

[Event "World op"]
[Site "Philadelphia"]
[Date "1995.??.??"]
[Round "3"]
[White "Arakhamia, Ketevan"]
[Black "Yermolinsky, Alex"]
[Result "0-1"]
[WhiteElo "2420"]
[BlackElo "2560"]

1.e4 c5 2.Nf3 d6 3.d4 cxd4 4.Nxd4 Nf6 5.Nc3 Nc6 6.Bg5 e6 7.Qd2 a6 8.O-O-O h6
9.Be3 Be7 10.f3 Nxd4 11.Bxd4 e5 12.Be3 Be6 13.g4 Rc8 14.Nd5 Bxd5 15.exd5 Nd7
16.Bd3 Bg5 17.Kb1 Bxe3 18.Qxe3 Qb6 19.Qc1 Nc5 20.f4 O-O 21.fxe5 dxe5 22.Bf5 Rcd8
23.h4 g6 24.Bd3 Rxd5 25.Bc4 Rxd1 26.Rxd1 Ne4 27.Bb3 Rd8 28.h5 gxh5 29.gxh5 Rxd1
30.Qxd1 Qd4 31.Qxd4 exd4 32.Bd5 Nd6 33.Kc1 Kg7 34.Kd2 Kf6 35.Kd3 Ke5 36.Bf3 a5
37.a4 f5 38.Bg2 b6 39.Bc6 f4 40.b3 Nf5 41.Kc4 Ne3+ 42.Kd3 Nd5  0-1

[Event "San Francisco op"]
[Site "San Francisco"]
[Date "1995.??.??"]
[Round "?"]
[White "Yermolinsky, Alex"]
[Black "Sevillano, Enrico"]
[Result "1-0"]
[WhiteElo "2580"]
[BlackElo "2440"]

1.d4 d5 2.c4 e6 3.Nf3 c6 4.Qc2 Nf6 5.Bg5 Nbd7 6.e3 h6 7.Bh4 Bd6 8.Nc3 Qa5
9.c5 Bb8 10.Rb1 e5 11.dxe5 Nxe5 12.Bxf6 Nxf3+ 13.gxf3 gxf6 14.b4 Qc7 15.Ne2 Qe7
16.b5 cxb5 17.Rxb5 a6 18.Rb3 Be5 19.f4 Bc7 20.Bg2 Ba5+ 21.Kf1 Rg8 22.Nd4 Qd7
23.c6 bxc6 24.Qxc6 Qxc6 25.Nxc6 Bd7 26.Bxd5 Bd8 27.Rb7 Rc8 28.Bxf7+ Kxf7
29.Rxd7+ Ke6 30.Rxd8 Rgxd8 31.Nxd8+ Rxd8 32.Ke2 Rb8 33.Rd1 a5 34.a4 f5 35.Kf3 Rb4
36.Rd4 Rb1 37.e4 Rb3+ 38.Ke2 Rb2+ 39.Ke3 Rb3+ 40.Rd3 Rb4 41.exf5+ Kf6 42.Rd4 Rb3+
43.Ke4 Rb2 44.Rd6+ Kf7 45.Rxh6 Re2+ 46.Kf3 Ra2 47.Kg4 Rxa4 48.Kg5 Ra2 49.Rh7+ Kg8
50.Ra7 Rxf2 51.h4 Rg2+ 52.Kf6 Rh2 53.h5 Ra2 54.Ra8+ Kh7 55.Ke6 Re2+ 56.Kf7 Rh2
57.f6 Rxh5 58.Ke7  1-0

[Event "San Francisco op"]
[Site "San Francisco"]
[Date "1995.??.??"]
[Round "?"]
[White "Yermolinsky, Alex"]
[Black "Watson, John L"]
[Result "1-0"]
[WhiteElo "2580"]
[BlackElo "2395"]

1.d4 Nf6 2.c4 g6 3.Nc3 Bg7 4.e4 d6 5.Be2 O-O 6.Bg5 Nbd7 7.Qd2 e5 8.d5 a5
9.h4 Nc5 10.f3 Qd7 11.g4 h5 12.O-O-O hxg4 13.Bxf6 Bxf6 14.fxg4 Kg7 15.g5 Be7
16.Nh3 Rh8 17.Nf2 Qd8 18.Rdg1 c6 19.Kb1 Bd7 20.Qd1 a4  1-0

[Event "US op"]
[Site "Alexandria"]
[Date "1996.??.??"]
[Round "7"]
[White "Kaufman, Lawrence"]
[Black "Yermolinsky, Alex"]
[Result "0-1"]
[WhiteElo "2425"]
[BlackElo "2565"]

1.e4 c5 2.Nc3 e6 3.Nge2 Nc6 4.g3 d5 5.d3 d4 6.Nb1 e5 7.Bg2 h5 8.h4 Nh6 9.c4 Be6
10.Bxh6 Rxh6 11.Bh3 Bxh3 12.Rxh3 Qd7 13.Rh1 g6 14.Nd2 f5 15.a3 Rh7 16.Qc2 Bh6
17.f4 O-O-O 18.O-O-O Rf7 19.Kb1 b6 20.Rhf1 Rdf8 21.exf5 Rxf5 22.fxe5 Nxe5
23.Rxf5 Rxf5 24.Ne4 Ng4 25.Qb3 Rf3 26.a4 Qc6 27.Qb5 Qxb5 28.axb5 Nf2 29.Nxf2 Rxf2
30.Nf4 Bxf4 31.gxf4 Rxf4 32.Rg1 Rg4 33.Rf1 Rxh4 34.Rf8+ Kd7 35.Rf7+ Ke8 36.Rxa7 Rf4
37.b4 cxb4 38.c5 Rf5 39.c6 Kd8 40.Ra8+ Kc7 41.Ra7+ Kb8 42.Rb7+ Kc8 43.Rxb6 h4
44.Rb7 h3 45.b6 h2 46.Rc7+ Kd8 47.Rd7+ Ke8 48.Rh7 Rh5  0-1

[Event "US op"]
[Site "Alexandria"]
[Date "1996.??.??"]
[Round "9"]
[White "Serper, Grigory"]
[Black "Yermolinsky, Alex"]
[Result "1-0"]
[WhiteElo "2540"]
[BlackElo "2565"]

1.c4 c5 2.Nf3 Nc6 3.d4 cxd4 4.Nxd4 e5 5.Nb5 d6 6.N1c3 a6 7.Na3 Be7 8.g3 f5
9.Bg2 Nf6 10.O-O O-O 11.Nc2 Kh8 12.Ne3 f4 13.Ned5 Nxd5 14.Nxd5 Be6 15.b3 fxg3
16.hxg3 Rc8 17.Ba3 Bxd5 18.Bxd5 Qa5 19.Bc1 b5 20.Be3 Bf6 21.Kg2 Ne7 22.Be6 Rcd8
23.Rh1 e4 24.Qc2  1-0

[Event "US op"]
[Site "Alexandria"]
[Date "1996.??.??"]
[Round "11"]
[White "Yermolinsky, Alex"]
[Black "Shahade, Gregory"]
[Result "1-0"]
[WhiteElo "2565"]
[BlackElo "2250"]

1.Nf3 Nf6 2.c4 e6 3.Nc3 Bb4 4.g3 b6 5.Bg2 Bb7 6.d3 O-O 7.e4 d5 8.e5 Nfd7
9.cxd5 exd5 10.O-O Re8 11.d4 Bxc3 12.bxc3 c5 13.Nh4 cxd4 14.cxd4 g6 15.f4 f5
16.exf6 Qxf6 17.f5 g5 18.Qh5 Qxd4+ 19.Kh1 Qxa1 20.Qxe8+ Nf8 21.Bxg5 Qg7 22.f6 Qf7
23.Qe7  1-0

[Event "Koop Tjuchem op"]
[Site "Groningen"]
[Date "1996.??.??"]
[Round "1"]
[White "Yermolinsky, Alex"]
[Black "Zakhvatov, Vladimir"]
[Result "1-0"]
[WhiteElo "2610"]
[BlackElo "2310"]

1.Nf3 d5 2.d4 Nf6 3.c4 e6 4.Nc3 c6 5.Bg5 Nbd7 6.e3 Qa5 7.cxd5 Nxd5 8.Qd2 Bb4
9.Rc1 N7b6 10.a3 Bxc3 11.bxc3 h6 12.Bh4 Qxa3 13.e4 Nf6 14.Bd3 c5 15.O-O c4
16.Bc2 Nbd7 17.Ra1 Qf8 18.Qe2 g5 19.Bg3 Nh5 20.Qxc4 Nxg3 21.fxg3 Qe7 22.e5 Nb6
23.Qd3 Bd7 24.Rfb1 Qd8 25.Nd2 Bc6 26.c4 Qc7 27.c5 Nc8 28.Nc4 h5 29.Qe3 h4
30.Nd6+ Nxd6 31.exd6 Qd8 32.Ba4 hxg3 33.hxg3 Kf8 34.Bxc6 bxc6 35.Rb7 Rh6
36.Re7 Kg8 37.Qxg5+ Rg6 38.Qf4 Qf8 39.Raxa7 Rxa7 40.Rxa7 f5 41.Qh4 Rg7 42.Rxg7+ Qxg7
43.Qd8+ Kh7 44.Qc7  1-0

[Event "Koop Tjuchem op"]
[Site "Groningen"]
[Date "1996.??.??"]
[Round "2"]
[White "Welling, Gerard"]
[Black "Yermolinsky, Alex"]
[Result "0-1"]
[WhiteElo "2395"]
[BlackElo "2610"]

1.b3 Nf6 2.Bb2 d6 3.d4 g6 4.Nf3 Bg7 5.g3 c5 6.Bg2 cxd4 7.Nxd4 d5 8.c4 e5
9.Nb5 a6 10.N5c3 d4 11.Nd5 O-O 12.O-O Nc6 13.e3 Be6 14.Nxf6+ Bxf6 15.exd4 exd4
16.Nd2 d3 17.Bxf6 Qxf6 18.Ne4 Qd4 19.Qf3 Bf5 20.Qf4 Rad8 21.g4 Bxe4 22.Qxe4 Rfe8
23.Qxd4 Rxd4 24.Bxc6 bxc6 25.f3 Re2 26.Rf2 Rc2 27.Kg2 d2 28.Kg3 Rxa2 29.Rd1 Rb2
30.Re2 Kg7 31.Re3 h5 32.h3 a5 33.Rc3 c5 34.Re3 Kf6 35.f4 hxg4 36.hxg4 Rc2
37.Kf3 a4 38.bxa4 Rcxc4 39.g5+ Kg7 40.Ke2 Rxa4 41.Rxd2 Rxd2+ 42.Kxd2 Rxf4
43.Kc3 Rf5 44.Rg3 f6 45.gxf6+ Kxf6 46.Kc4 g5 47.Rg1 Kg6 48.Kb5 Kh5  0-1

[Event "Koop Tjuchem op"]
[Site "Groningen"]
[Date "1996.??.??"]
[Round "3"]
[White "Yermolinsky, Alex"]
[Black "Blatny, Pavel"]
[Result "1-0"]
[WhiteElo "2610"]
[BlackElo "2490"]

1.d4 Nf6 2.Nf3 d5 3.c4 c6 4.Nc3 e6 5.Bg5 h6 6.Bxf6 Qxf6 7.Qc2 Qd8 8.e4 dxe4
9.Qxe4 Nd7 10.Bd3 Nf6 11.Qe2 Be7 12.O-O-O Qa5 13.Kb1 O-O 14.Rhg1 Bb4 15.Ne4 Nxe4
16.Qxe4 f5 17.Qe2 Be7 18.g4 Qd8 19.Qe3 Rf6 20.Ne5 Qf8 21.f4 fxg4 22.Rxg4 h5
23.Rg3 Qd8 24.Rdg1 Bf8 25.Qe4 Rf5 26.Qg2 Qf6 27.Rg6 Qe7 28.Bxf5 exf5 29.d5  1-0

[Event "Koop Tjuchem op"]
[Site "Groningen"]
[Date "1996.??.??"]
[Round "8"]
[White "Klovans, Janis"]
[Black "Yermolinsky, Alex"]
[Result "1/2-1/2"]
[WhiteElo "2530"]
[BlackElo "2610"]

1.e4 c6 2.d4 d5 3.e5 Bf5 4.Nf3 e6 5.Be2 Ne7 6.O-O c5 7.Be3 Nec6 8.dxc5 Nd7
9.c4 dxc4 10.Na3 Bxc5 11.Bxc5 Nxc5 12.Nxc4 O-O 13.Rc1 Nd3 14.Rc3 Nf4 15.Nd6 Nxe5
16.Nxf5 Nxe2+ 17.Qxe2 Nxf3+ 18.Qxf3 exf5  1/2-1/2

[Event "Koop Tjuchem op"]
[Site "Groningen"]
[Date "1996.??.??"]
[Round "9"]
[White "Yermolinsky, Alex"]
[Black "Peng Xiaomin"]
[Result "1-0"]
[WhiteElo "2610"]
[BlackElo "2490"]

1.d4 Nf6 2.c4 g6 3.Nc3 Bg7 4.e4 d6 5.h3 O-O 6.Bg5 Na6 7.Nf3 c6 8.Be2 e5 9.d5 cxd5
10.cxd5 Bd7 11.Nd2 Qe7 12.O-O Rfc8 13.Rc1 Rc7 14.Nb5 Rxc1 15.Qxc1 h6 16.Be3 Nh5
17.Nb3 Kh7 18.a4 Qf6 19.Bxh5 gxh5 20.f3 Qg6 21.Kh1 b6 22.Qd2 f5 23.exf5 Bxf5
24.Rc1 Bd7 25.Qc2 Qxc2 26.Rxc2 Bxb5 27.axb5 Nb4 28.Rd2 Rc8 29.Kg1 Bf6 30.f4 Rc2
31.Rxc2 Nxc2 32.Kf2 Nb4 33.Nd2 Nxd5 34.Ne4 exf4 35.Nxf6+ Nxf6 36.Bxf4 Kg6
37.Kf3 d5 38.Ke3 h4 39.Kd4 Kf5 40.Bxh6 Kg6 41.Bd2 Kf5 42.Be1 Ke6 43.Bxh4 Ne4
44.g4 Nd6 45.Bg3 Nxb5+ 46.Kd3 a5 47.h4 a4 48.h5 Na7 49.g5 Kf5 50.g6 Nc6 51.g7 Ne7
52.Kc3 Ng8 53.Bf2 Kg5 54.Bxb6 Kxh5 55.Kb4 Kg6 56.Bd4 Kf5 57.Kxa4 Ke4 58.Bf2 d4
59.b4 d3 60.Be1 Kf5 61.b5 Ke6 62.b6  1-0

[Event "Koop Tjuchem op"]
[Site "Groningen"]
[Date "1996.??.??"]
[Round "10"]
[White "Schlosser, Philipp"]
[Black "Yermolinsky, Alex"]
[Result "0-1"]
[WhiteElo "2560"]
[BlackElo "2610"]

1.Nf3 Nf6 2.c4 c5 3.g3 b6 4.Bg2 Bb7 5.Nc3 e6 6.O-O Be7 7.Re1 Ne4 8.Nxe4 Bxe4
9.d3 Bb7 10.e4 Nc6 11.d4 Nxd4 12.Nxd4 cxd4 13.Qxd4 O-O 14.b3 Bc5 15.Qc3 f5
16.exf5 Bxg2 17.Kxg2 Rxf5 18.f4 Qf6 19.Bd2 d5 20.Rad1 dxc4 21.Qxc4 Rd5 22.Bc3 Qf7
23.Rc1 Rad8 24.a4 Ba3 25.Rc2 Rc5 26.Qe4 Qf5 27.Qxf5 exf5 28.Ra2 Rxc3 29.Rxa3 Rd2+
30.Kh3 Rcc2 31.Kh4 h6 32.h3 Rc3 33.a5 Rg2 34.axb6 Rgxg3 35.Rh1 axb6  0-1

[Event "New York op"]
[Site "New York"]
[Date "1996.??.??"]
[Round "2"]
[White "Yermolinsky, Alex"]
[Black "Koren, Inna"]
[Result "1-0"]
[WhiteElo "2565"]
[BlackElo "2195"]

1.d4 Nf6 2.Bg5 d6 3.Bxf6 exf6 4.g3 d5 5.Bg2 c6 6.e3 Bf5 7.Nd2 Nd7 8.Ne2 Nb6
9.O-O Qd7 10.a4 a5 11.c3 Bd6 12.Re1 O-O 13.Qb3 Qc7 14.e4 dxe4 15.Bxe4 Be6
16.Qc2 g6 17.Bd3 f5 18.c4 Nd7 19.c5 Be7 20.Nf4 Rfd8 21.Rxe6 fxe6 22.Nxe6 Qc8
23.Nxd8 Qxd8 24.Qb3+ Kf8 25.Qxb7 Rb8 26.Qxc6 Nxc5 27.dxc5 Qxd3 28.Nf3 Qc2
29.Nd4 Qxb2 30.Rd1 Qc3 31.Ne6+ Kf7 32.Ng5+ Bxg5 33.Qc7+ Be7 34.Qxb8 Qxc5
35.Qb7 Kf6 36.Rb1 h6 37.Qb6+ Qxb6 38.Rxb6+ Kg5 39.Kg2 Bd8 40.Rd6 Bc7 41.Rc6 Bd8
42.f3 h5 43.h4+ Kh6 44.Ra6 Bc7 45.f4  1-0

[Event "New York op"]
[Site "New York"]
[Date "1996.??.??"]
[Round "3"]
[White "Karklins, Andrew"]
[Black "Yermolinsky, Alex"]
[Result "1/2-1/2"]
[WhiteElo "2335"]
[BlackElo "2565"]

1.e4 c5 2.Nf3 Nc6 3.d4 cxd4 4.Nxd4 Nf6 5.Nc3 d6 6.Bb5 Bd7 7.O-O e6 8.Re1 Be7
9.Bxc6 Bxc6 10.Nxc6 bxc6 11.e5 dxe5 12.Qf3 O-O 13.Qxc6 Bb4 14.Rd1 Qc8 15.Qxc8 Raxc8
16.Bd2 Bxc3 17.Bxc3 Nd5 18.Bxe5 Rxc2 19.Rac1 Rfc8 20.Rxc2 Rxc2 21.Kf1 f6
22.Bd4 a6 23.Ke1 Kf7 24.Rd2 Rc1+ 25.Ke2 g5 26.Be3 Rc6 27.Rd1 Rc2+ 28.Rd2 Rc4
29.Rd4 Rxd4 30.Bxd4 Nf4+ 31.Kf3 e5 32.Be3 Nd3 33.b3 Ne1+ 34.Kg3 h5 35.f3 Nd3
36.h4 Kg6 37.hxg5 fxg5 38.Kh3 Kf5 39.g4+ hxg4+ 40.fxg4+ Ke4 41.Bxg5 Kf3 42.Bd2 Nf2+
43.Kh4 Nxg4 44.b4 Ne3 45.Bxe3 Kxe3 46.a4 Kd4  1/2-1/2

[Event "New York op"]
[Site "New York"]
[Date "1996.??.??"]
[Round "5"]
[White "Situru, Nathanael"]
[Black "Yermolinsky, Alex"]
[Result "0-1"]
[WhiteElo "2385"]
[BlackElo "2565"]

1.e4 c5 2.Nf3 d6 3.d4 cxd4 4.Qxd4 a6 5.Be3 Nc6 6.Qd2 Nf6 7.Nc3 e6 8.a4 Be7
9.h3 O-O 10.Be2 b6 11.O-O Bb7 12.Rfe1 Qc7 13.Bf1 Rfd8 14.Nd4 Ne5 15.Nb3 d5
16.exd5 Nxd5 17.Nxd5 Bxd5 18.Qc3 Nc6 19.a5 bxa5 20.Nc5 Nb4 21.Nxe6 Qxc3 22.bxc3 Bxe6
23.cxb4 Bxb4 24.Bb6 Rd6 25.Rxe6 Rxe6 26.Bxa5 Bxa5 27.Rxa5 Rc6 28.Bd3 Ra7
29.Be4 Rb6 30.c4 Kf8 31.f4 Rc7 32.Bd5 Ke7 33.c5 Rf6 34.c6 Ra7 35.Ra4 a5 36.Bf3 Kd6
37.Kf2 Kc7 38.Ke3 Rxc6 39.Bxc6 Kxc6 40.Kd4 Kb5 41.Ra1 a4 42.Rb1+ Kc6 43.Kc3 a3
44.Ra1 Kd5 45.Kb3 Ke4 46.f5 a2 47.Kb2 Kxf5 48.Rf1+ Kg5 49.Ka1 f5 50.Rf3 g6
51.g3 h5  0-1

[Event "Yerevan ol (Men)"]
[Site "Yerevan"]
[Date "1996.??.??"]
[Round "6"]
[White "Hjartarson, Johann"]
[Black "Yermolinsky, Alex"]
[Result "0-1"]
[WhiteElo "2565"]
[BlackElo "2610"]

1.e4 c5 2.Nf3 d6 3.d4 cxd4 4.Nxd4 Nf6 5.Nc3 Nc6 6.Bg5 e6 7.Qd2 a6 8.O-O-O Bd7
9.f4 b5 10.Bxf6 gxf6 11.Kb1 Qb6 12.Nce2 Rc8 13.g3 h5 14.Bg2 Na5 15.b3 Nc6
16.Rhf1 Qa5 17.c3 Qb6 18.f5 Bh6 19.Qe1 Nxd4 20.Nxd4 e5 21.Nc2 a5 22.h4 Rc5
23.Rf3 Ke7 24.Rfd3 Rhc8 25.Bf3 d5 26.Rxd5 Rxd5 27.Rxd5 Bc6 28.Rd3 Rd8 29.Rxd8 Qxd8
30.Bxh5 Bd2 31.Qf2 Bxe4 32.Qa7+ Qd7 33.Qxa5 Bxf5 34.Be2 Bd3 35.Bxd3 Qxd3
36.Qc7+ Kf8 37.Kb2 Kg7 38.Nb4 Qf1 39.Kc2 Bh6 40.a4 Qc1+ 41.Kd3 Qd2+ 42.Ke4 Qg2+
43.Kd3 Qd2+ 44.Ke4 Qg2+ 45.Kd3 Qxg3+ 46.Kc2 Qf2+ 47.Kb1 Qe1+ 48.Ka2 Qe2+
49.Kb1 Qd1+ 50.Ka2 Bc1 51.Kb1 bxa4 52.bxa4 Ba3+  0-1

[Event "Yerevan ol (Men)"]
[Site "Yerevan"]
[Date "1996.??.??"]
[Round "10"]
[White "Portisch, Lajos"]
[Black "Yermolinsky, Alex"]
[Result "1/2-1/2"]
[WhiteElo "2600"]
[BlackElo "2610"]

1.d4 Nf6 2.c4 g6 3.Nc3 Bg7 4.e4 d6 5.f3 O-O 6.Be3 c5 7.Nge2 cxd4 8.Nxd4 Nc6
9.Be2 Nxd4 10.Bxd4 Be6 11.Rc1 Nd7 12.Be3 a6 13.O-O Rc8 14.b3 b5 15.Nd5 bxc4
16.Rxc4 Rxc4 17.Bxc4 a5 18.Qd2 Bxd5 19.Bxd5 Ne5 20.Rc1 e6 21.Bb7 Qb8 22.Ba6 Qb4
23.Be2 Rd8 24.f4 Nd7 25.Rc4 Qxd2 26.Bxd2 d5 27.exd5 exd5 28.Rc2 Ra8 29.Bf3 Nf6
30.Kf1 Bf8 31.g4 Bb4 32.g5 Ne4 33.Bxe4 dxe4 34.Bc1 Kf8 35.Rc4 Rd8 36.Ke2 f5
37.gxf6 Kf7 38.a3 Bf8 39.Bd2 Rd3 40.b4 axb4 41.axb4 Kxf6 42.Rxe4 Rh3 43.Be3 Rxh2+
44.Kf3 Bd6 45.b5 Kf5 46.Re8 Rb2 47.b6 Rb3 48.Rd8  1/2-1/2

[Event "USA-ch G1"]
[Site "Chandler"]
[Date "1997.08.30"]
[Round "6"]
[White "Browne, Walter S"]
[Black "Yermolinsky, Alex"]
[Result "1/2-1/2"]
[WhiteElo "2530"]
[BlackElo "2650"]

1.d4 Nf6 2.c4 e6 3.Nf3 Bb4+ 4.Nbd2 d6 5.a3 Bxd2+ 6.Qxd2 Nbd7 7.e3 e5 8.dxe5 dxe5
9.b4 e4 10.Nd4 Ne5 11.Bb2 O-O 12.Be2 Qe7 13.Qc3 Re8 14.Rd1 Bg4 15.f3 exf3
16.gxf3 Bd7 17.Nb5 Bc6 18.Qxe5 Qxe5 19.Bxe5 Rxe5 20.Kf2 Re7 21.Nc3 Rae8 22.e4 Kf8
23.h4 Bd7 24.Rd4 c6 25.Rhd1 Bc8 26.c5 Nh5 27.Bc4 f5 28.Rd8 Nf6 29.exf5 Bxf5
30.Ne2 Be6 31.Bxe6 Rxe6 32.Nd4 Re5 33.Rxe8+ Kxe8 34.Nb3 Re6 35.Na5 b6 36.cxb6 axb6
37.Nc4 Nd5 38.Rd4 b5 39.Na5 Kd7 40.Nb3 Kd6 41.Rd2 Rh6 42.Kg3 Rg6+ 43.Kf2 Rf6
44.Kg3 Rh6 45.Rd1 Re6 46.Kf2 Rf6 47.Kg3 Rg6+ 48.Kf2 Rh6 49.Kg3 Rg6+ 50.Kf2 Rf6
51.Kg3  1/2-1/2

[Event "Hoogovens"]
[Site "Merrillville"]
[Date "1997.11.29"]
[Round "4"]
[White "Yermolinsky, Alex"]
[Black "Timman, Jan H"]
[Result "1/2-1/2"]
[WhiteElo "2650"]
[BlackElo "2625"]

1.Nf3 Nf6 2.c4 e6 3.Nc3 Bb4 4.Qc2 O-O 5.a3 Bxc3 6.Qxc3 b6 7.g3 Bb7 8.Bg2 d5
9.cxd5 Nxd5 10.Qc2 c5 11.b3 Nc6 12.Bb2 Re8 13.O-O  1/2-1/2